<?xml version="1.0" encoding="UTF-8"?>
<collection xmlns:xsi="http://www.w3.org/2001/XMLSchema-instance" xsi:schemaLocation="http://www.loc.gov/MARC21/slim http://www.loc.gov/standards/marcxml/schema/MARC21slim.xsd" xmlns="http://www.loc.gov/MARC21/slim">
 <record>
  <leader>00000cab a22000004cb4500</leader>
  <controlfield tag="001">IPP-00000662340</controlfield>
  <controlfield tag="003">IPP</controlfield>
  <controlfield tag="005">20250602132756.0</controlfield>
  <controlfield tag="008">250602s2022    xx     d | ||r |||||   ||</controlfield>
  <datafield tag="245" ind1="1" ind2="0">
   <subfield code="a">Roundtable discussion on issues concerning commercial courts and distribution of benchbook for commercial courts. IN Training Programs and Activities [column]</subfield>
  </datafield>
  <datafield tag="264" ind1="#" ind2="1">
   <subfield code="c">2022</subfield>
  </datafield>
  <datafield tag="650" ind1="1" ind2="0">
   <subfield code="a">Commercial law</subfield>
  </datafield>
  <datafield tag="650" ind1="2" ind2="0">
   <subfield code="a">Judges</subfield>
   <subfield code="x">Education</subfield>
  </datafield>
  <datafield tag="773" ind1="0" ind2="#">
   <subfield code="t">PHILJA Bulletin</subfield>
   <subfield code="g">Vol. 24, no. 95 (Jul. 2022 - Sep. 2022), 6</subfield>
  </datafield>
  <datafield tag="852" ind1="#" ind2="#">
   <subfield code="a">UPD</subfield>
   <subfield code="b">DLAW</subfield>
  </datafield>
  <datafield tag="942" ind1="#" ind2="#">
   <subfield code="a">Article</subfield>
  </datafield>
  <datafield tag="950" ind1="#" ind2="#">
   <subfield code="a">FI</subfield>
  </datafield>
 </record>
</collection>
